|
|
|
|
| LEADER |
00000nab a2200000 a 4500 |
| 001 |
vtls009181237 |
| 003 |
SK-MaSNL |
| 005 |
20260303191024.0 |
| 008 |
140513c1964 xo |||||| b ||00 b|slo |
| 015 |
|
|
|a SNBRB2008/02
|2 snkbucl
|
| 038 |
|
|
|a SNKBUCL
|
| 040 |
|
|
|a SNKBUCL
|b slo
|c SNKBUCL
|e AACR2
|
| 041 |
0 |
|
|a slo
|
| 044 |
|
|
|a xo
|c SK
|
| 080 |
|
|
|a 811.162.4`367.622
|2 1997
|
| 080 |
|
|
|a 811.162.4`366.2
|2 1997
|
| 080 |
|
|
|a 811.162.4`366.545
|2 1997
|
| 080 |
|
|
|a 811.162.4`366.547
|2 1997
|
| 080 |
|
|
|a 81`367.622
|2 1997
|
| 080 |
|
|
|a 81`366.547
|2 1997
|
| 080 |
|
|
|a 81`366.545
|2 1997
|
| 080 |
|
|
|a 81`366.2
|2 1997
|
| 100 |
1 |
|
|a Dvonč, Ladislav,
|d 1926-2003
|4 aut
|9 101854
|
| 245 |
1 |
0 |
|a Don Juan - v Donovi Juanovi
|c L. Dvonč
|
| 650 |
0 |
7 |
|a slovenčina
|2 snkbucl
|9 1350
|
| 650 |
0 |
7 |
|a podstatné mená
|2 snkbucl
|9 1323
|
| 650 |
0 |
7 |
|a cudzie podstatné mená
|2 snkbucl
|9 99149
|
| 650 |
0 |
7 |
|a mužský rod
|2 snkbucl
|9 75993
|
| 650 |
0 |
7 |
|a Jednotné číslo
|2 snkbucl
|9 1219536
|
| 650 |
0 |
7 |
|a skloňovanie
|2 snkbucl
|9 14577
|
| 650 |
0 |
7 |
|a lokál (6. pád)
|2 snkbucl
|9 113331
|
| 650 |
0 |
7 |
|a gramatické pády
|2 snkbucl
|9 1219809
|
| 650 |
0 |
7 |
|a Datív (3. pád)
|2 snkbucl
|9 1219982
|
| 773 |
0 |
|
|t Slovenská reč
|g Roč. 29, č. 5 (1964), s. 313-314
|
| 852 |
|
|
|a SNK
|b KIS3GCP
|
| 958 |
|
|
|a SK
|
| 999 |
|
|
|c 2139111
|d 2141041
|